000 01039nam a22003017a 4500
001 8257
003 FISKH
005 20250905103602.0
008 250905b cb ||||| |||| 00| 0 eng d
020 _a9780545331777
040 _aFISKH
_beng
_cFISKH
_dFISKH
050 _aPZ7.H7427 G
082 _a517
100 _aHolub, Joan
_d(1956-)
245 _aGroundhog weather school /
_cJoan Holub ; illustrated by Kristin Sorra
250 _aThis edtion first published in 2011
260 _aNew York :
_bScholastic,
_c2009
300 _a28 unnumbered pages :
_bcolor illustrations ;
_c26 cm
505 _aP
520 _aWhen Groundhog realizes he needs helpers all over the country to accurately forecast the weather, he establishes a school to teach young groundhogs how to properly determine when spring will arrive.
521 8 _a630
_bLexile
521 8 _aP
_bRaz-Plus
650 _2Groundhogs
_aHolidays
650 _2Seasons
_aWeather
700 _aHolub, Joan
_dillustrator
942 _2ddc
_cBK
_n0
999 _c8257
_d8257